000 00672nam a2200241 i 4500
001 C2-0320668
003 PPAK
005 20180728120106.0
008 130109s2012 paua|||| ||||| | eng d
020 _a9781451110326
040 _aPPAK
_beng
_cPPAK
_erda
082 0 4 _a611
_223
090 0 0 _a611
_bSNE
_dR
100 1 _aSnell, Richard S.,
_eauthor
245 1 0 _aClinical anatomy by regions
264 1 _aPhiladelphia :
_bLippincott William & Wilkins ,
_c2012
300 _aix, 753 pages :
_billustrations ;
_c28 cm
336 _2rdacontent
_atext
337 _2rdamedia
_aunmediated
338 _2rdacarrier
_avolume
650 1 0 _aHuman anatomy
942 _ddc
_cB
999 _c121322
_d121322